[Event "NRW Class2 0304"]
[Site "Germany"]
[Date "2003.09.28"]
[Round "1.6"]
[White "Fecke, Andreas"]
[Black "Fleischer, Andre"]
[Result "1-0"]
[WhiteElo "2271"]
[BlackElo "2032"]
[PlyCount "101"]
[EventDate "2003.09.28"]
[EventType "team"]
[EventRounds "9"]
[EventCountry "GER"]
[SourceTitle "CBM 098 Extra"]
[Source "ChessBase"]
[SourceDate "2004.03.10"]
[SourceVersion "2"]
[SourceVersionDate "2004.03.10"]
[SourceQuality "1"]
[WhiteTeam "Lippstadt Turm"]
[BlackTeam "Wiehl"]
[WhiteTeamCountry "GER"]
[BlackTeamCountry "GER"]

1. e4 c5 2. Nf3 d6 3. d4 cxd4 4. Qxd4 Nc6 5. Bb5 Bd7 6. Bxc6 Bxc6 7. Nc3 Nf6 8. Bg5 e6 9. 0-0-0 Be7 10. Qd3 0-0 11. Nd4 Qa5 12. f4 Rac8 13. Rhe1 Rfe8 14. Rd2 a6 15. Kb1 Nd7 16. Nb3 Qb6 17. Bxe7 Rxe7 18. Qxd6 Ree8 19. Qd4 Qc7 20. e5 Nb6 21. Red1 Nd5 22. Ne4 Rf8 23. Nd6 Rcd8 24. Nc5 Ne7 25. g4 a5 26. Qf2 b6 27. Nce4 Bxe4 28. Nxe4 Nd5 29. Qd4 b5 30. Nd6 b4 31. Rd3 Rb8 32. Kc1 a4 33. a3 Rb6 34. f5 bxa3 35. Rxa3 Rfb8 36. fxe6 fxe6 37. Qc4 Rc6 38. Qxa4 h6 39. Rd2 Rb4 40. Qa8+ Kh7 41. c3 Rxg4 42. Qa7 Qxa7 43. Rxa7 Ne3 44. Re2 Rg1+ 45. Kd2 Nd5 46. c4 Nf4 47. Rf2 Ng6 48. b4 Nxe5 49. c5 Rg4 50. Kc3 Ng6 51. Ne8 1-0

[Event "Oberliga NRW 0203 II"]
[Site "Germany"]
[Date "2002.12.08"]
[Round "3.6"]
[White "Babar, Michael"]
[Black "Fecke, Andreas"]
[Result "1/2-1/2"]
[WhiteElo "2167"]
[BlackElo "2244"]
[PlyCount "82"]
[EventDate "2002.10.06"]
[EventType "team"]
[EventRounds "9"]
[EventCountry "GER"]
[SourceTitle "EXT 2004"]
[Source "ChessBase"]
[SourceDate "2003.11.25"]
[SourceVersion "1"]
[SourceVersionDate "2003.11.25"]
[SourceQuality "1"]
[WhiteTeam "Muenster II"]
[BlackTeam "Lippstadt Turm"]
[WhiteTeamCountry "GER"]
[BlackTeamCountry "GER"]

1. e4 e5 2. Bc4 d6 3. d3 Be6 4. Bxe6 fxe6 5. Qh5+ g6 6. Qh3 Qd7 7. Nf3 Nc6 8. c3 Nf6 9. Bg5 Bg7 10. Nbd2 0-0 11. Bh6 Nh5 12. Be3 Rae8 13. 0-0-0 Nf4 14. Bxf4 Rxf4 15. Kb1 Qe7 16. Qg3 Qf6 17. h4 h6 18. Ng1 Qf7 19. Nh3 Rf6 20. Nc4 b5 21. Ne3 b4 22. Ng4 Rf4 23. h5 g5 24. Kc2 Qd7 25. Nxf4 exf4 26. Qf3 bxc3 27. bxc3 Ne5 28. Nxe5 Qa4+ 29. Kd2 Qxa2+ 30. Ke1 dxe5 31. Qe2 Qa3 32. Qc2 Rb8 33. Rb1 Qxc3+ 34. Qxc3 Rxb1+ 35. Ke2 Rxh1 36. Qxc7 Rxh5 37. Qxa7 Rh2 38. Kf1 Rh1+ 39. Ke2 Rh2 40. Kf1 Rh1+ 41. Ke2 Rh2 1/2-1/2